Countries of the World - Type the First Letter - Statistics

General Stats
  • This quiz has been taken 87,437 times
  • The average score is 130 of 196
Answers on the Map
Answers color-coded by a green-red scale on the quiz's map according to % correct below.
 
Answer Stats
Country % Correct
Algeria
68%
Argentina
68%
Australia
68%
Belgium
68%
Brazil
68%
Canada
68%
Chile
68%
China
68%
Denmark
68%
Egypt
68%
Finland
68%
France
68%
Germany
68%
Iceland
68%
India
68%
Indonesia
68%
Iran
68%
Ireland
68%
Italy
68%
Japan
68%
Kazakhstan
68%
Latvia
68%
Libya
68%
Madagascar
68%
Mexico
68%
Mongolia
68%
Morocco
68%
Netherlands
68%
New Zealand
68%
North Korea
68%
Norway
68%
Oman
68%
Pakistan
68%
Peru
68%
Philippines
68%
Poland
68%
Portugal
68%
Russia
68%
Saudi Arabia
68%
South Africa
68%
South Korea
68%
Spain
68%
Sri Lanka
68%
Sudan
68%
Sweden
68%
Turkey
68%
Ukraine
68%
United Kingdom
68%
United States
68%
Vatican City
68%
Venezuela
68%
Vietnam
68%
Yemen
68%
Afghanistan
67%
Andorra
67%
Austria
67%
Bahamas
67%
Bangladesh
67%
Belarus
67%
Bhutan
67%
Bolivia
67%
Bulgaria
67%
Cambodia
67%
Chad
67%
Colombia
67%
Croatia
67%
Cuba
67%
Cyprus
67%
Czech Republic
67%
Dominican Republic
67%
Papua New Guinea
67%
United Arab Emirates
67%
D. R. Congo
67%
Ecuador
67%
Eritrea
67%
Estonia
67%
Eswatini
67%
Ethiopia
67%
Greece
67%
Guatemala
67%
Guyana
67%
Haiti
67%
Iraq
67%
Israel
67%
Jordan
67%
Kyrgyzstan
67%
Laos
67%
Lesotho
67%
Liechtenstein
67%
Lithuania
67%
Luxembourg
67%
Malaysia
67%
Maldives
67%
Mali
67%
Malta
67%
Mauritania
67%
Monaco
67%
Myanmar
67%
Nepal
67%
Panama
67%
Paraguay
67%
Qatar
67%
Romania
67%
San Marino
67%
Singapore
67%
Slovakia
67%
Slovenia
67%
Somalia
67%
Suriname
67%
Switzerland
67%
Syria
67%
Taiwan
67%
Tajikistan
67%
Thailand
67%
Tunisia
67%
Turkmenistan
67%
Uruguay
67%
Uzbekistan
67%
Albania
66%
Angola
66%
Armenia
66%
Azerbaijan
66%
Bahrain
66%
Belize
66%
Benin
66%
Bosnia and Herzegovina
66%
Botswana
66%
Brunei
66%
Cape Verde
66%
Costa Rica
66%
Central African Republic
66%
São Tomé and Príncipe
66%
Djibouti
66%
East Timor
66%
El Salvador
66%
F. S. Micronesia
66%
Gambia
66%
Georgia
66%
Ghana
66%
Honduras
66%
Hungary
66%
Ivory Coast
66%
Jamaica
66%
Kenya
66%
Kosovo
66%
Kuwait
66%
Lebanon
66%
Mauritius
66%
Moldova
66%
Montenegro
66%
Mozambique
66%
Namibia
66%
Nicaragua
66%
Niger
66%
Nigeria
66%
North Macedonia
66%
Rwanda
66%
Senegal
66%
Serbia
66%
Seychelles
66%
South Sudan
66%
Togo
66%
Zimbabwe
66%
Burkina Faso
65%
Burundi
65%
Cameroon
65%
Comoros
65%
Equatorial Guinea
65%
Republic of the Congo
65%
Saint Kitts and Nevis
65%
Saint Vincent and the Grenadines
65%
Gabon
65%
Guinea-Bissau
65%
Kiribati
65%
Malawi
65%
Saint Lucia
65%
Sierra Leone
65%
Tanzania
65%
Uganda
65%
Zambia
65%
Trinidad and Tobago
64%
Guinea
64%
Liberia
64%
Marshall Islands
64%
Samoa
64%
Solomon Islands
64%
Tonga
64%
Tuvalu
64%
Barbados
63%
Antigua and Barbuda
63%
Fiji
63%
Grenada
63%
Nauru
63%
Palau
63%
Vanuatu
63%
Dominica
61%
No matching quizzes found
Score Distribution
Percent of People with Each Score
Percentile by Number Answered
Your Score History
You have not taken this quiz